00534nam a22001937a 450000500170000001000130001702000220003003500130005203700160006504000120008108200130009310000200010624500680012626000410019427000450023530000270028065000190030765000140032620170124110158.0 aA-895559 c00.00a8185989141 aA-895559 bCen Lib/Ret aDPLbEN a339bAGA aAgarwala, S. K. aEconomic systems and micro-economic theory /cby S. K. Agarwala aNew DelhibGolgatia Publishingc1997 bNew Delhia6A/4, WEA, Karol Baghe110005 a306p.:c21cm(Hb)bill. aMicroeconomics aEconomics